| 000 | 00758nam a2200241 a 4500 | ||
|---|---|---|---|
| 001 | 19807 | ||
| 003 | CO-ViMGA | ||
| 008 | 141112s2004 ck r 000 u spa d | ||
| 020 | _a9968380806 | ||
| 040 |
_aCO-ViMGA _bspa _cCO-ViMGA |
||
| 082 | 0 | 4 | _a347.05 A721e |
| 100 | 1 |
_aAlcala - Zamora, Niceto _928691 |
|
| 245 | 1 | 0 | _aEstudios de teoria e historia del proceso. Vol.3 |
| 260 |
_aMexico : _bJuridica Universitaria, _c2001 |
||
| 300 | _a320 p. | ||
| 490 | _aClasicos de la teoria general del proceso | ||
| 590 | _aForma de adquisición : Premio mincultura | ||
| 650 | 1 | 4 |
_aACCION CIVIL _911212 |
| 650 | 1 | 4 |
_aDERECHO PROCESAL _93881 |
| 650 | 1 | 4 |
_aENJUICIAMIENTO DE CRIMENES DE GUERRA _928692 |
| 650 | 1 | 4 |
_aJURISDICCION VOLUNTARIA _928693 |
| 942 |
_2ddc _cBK |
||
| 999 |
_c28937 _d28937 |
||